| 000 | 00965nam a2200277Ia 4500 | ||
|---|---|---|---|
| 003 | OSt | ||
| 005 | 20221005111927.0 | ||
| 006 | a|||||r|||| 00| 0 | ||
| 007 | ta | ||
| 008 | 221004b |||||||| |||| 00| 0 san d | ||
| 020 |
_a9789380326665 (hbk) _c400 |
||
| 024 | _a109791 | ||
| 037 |
_b543, 15/03/2011, Eastern Book Linkers _cTextual |
||
| 040 |
_aCRL _cCRL _bsan |
||
| 041 |
_2san _asan |
||
| 082 | _aQ2:23x1,1, 15Q1.1 | ||
| 100 | _aखण्डेलवाल, एस एन | ||
| 245 | 0 | _aआगमतत्वविलास | |
| 246 | _aĀgamatatvavilāsa: | ||
| 260 |
_aवाराणसी _bचौखम्बा सुरभारती प्रकाशन भारत _c2011 |
||
| 300 |
_a277पृ0 _ccm. |
||
| 490 | _vभाग 1 | ||
| 650 | _aधर्म | ||
| 942 |
_hQ2:23x1,1, 15Q1.1 _cTEXL _2cc |
||
| 999 |
_c1023327 _d1023327 |
||